000
00331nam a22001457a 4500
008
230613b ||||| |||| 00| 0 eng d
020
_a
9780803621282
041
_a
eng
080
_a
610.73
082
_a
610.73EAG
100
_a
7
101
_a
INF
245
_a
THE PROFESSIONAL MEDICAL ASSISTANT
_c
EAGLE .SH
942
_2
udc
_c
BK
999
_c
59943
_d
59943